Recopilación folklórica de la región de Coquimbo y su aplicación pedagógica
Guardado en:
| Autor principal: | |
|---|---|
| Formato: | Libro |
| Lenguaje: | español |
| Publicado: |
La Serena
FONDART
2001
|
| Materias: | |
| Etiquetas: |
Agregar Etiqueta
Sin Etiquetas, Sea el primero en etiquetar este registro!
|
MARC
| LEADER | 00000nam a2200000 a 4500 | ||
|---|---|---|---|
| 001 | UCI5952 | ||
| 003 | CL-VaPUC | ||
| 008 | 080411e20010000CL |||||||||||||||||spa|d | ||
| 020 | |a 9562889025 | ||
| 082 | 0 | 4 | |a 789.283 |b GAC |2 21 |
| 100 | 0 | |a Gachón Torrejón, María Teresa |e author |9 528616 | |
| 245 | 1 | 0 | |a Recopilación folklórica de la región de Coquimbo y su aplicación pedagógica |
| 300 | |a 143 p | ||
| 942 | |c BK | ||
| 945 | |d 20080411 00:00:00 |a jtorresc | ||
| 260 | |a La Serena |b FONDART |c 2001 | ||
| 650 | 7 | |a FOLKLORE DE CHILE |2 CL-VaPUC |9 528617 | |
| 650 | 0 | |a Música folklórica chilena |9 326575 | |
| 650 | 7 | |a CANCIONES |2 CL-VaPUC |9 528618 | |
| 651 | 0 | |a Coquimbo, Chile |9 319271 | |
| 583 | |a last modification |c 20131003 04:00:46 |k Rodrigo Vera | ||
| 999 | |c 329592 |d 329590 | ||
| 952 | |0 0 |1 0 |4 0 |6 789_283000000000000_GAC_2001 |7 0 |8 X |9 414511 |a FDOMLP |b FDOMLP |d 2019-11-22 |i 4428684 |o 789.283 GAC 2001 |p 4428684 |r 2019-11-22 |w 2019-11-22 |y BK_X |k BU2 | ||